|
|
|
|
| LEADER |
00000cam a22000004a 4500 |
| 001 |
musev2_15397 |
| 003 |
MdBmJHUP |
| 005 |
20230905041658.0 |
| 006 |
m o d |
| 007 |
cr||||||||nn|n |
| 008 |
101122s1996 quc o 00 0 fre d |
| 020 |
|
|
|a 9782760522336
|
| 020 |
|
|
|z 9782760508163
|
| 035 |
|
|
|a (OCoLC)417079512
|
| 040 |
|
|
|a MdBmJHUP
|c MdBmJHUP
|
| 100 |
1 |
|
|a Tremblay, Pierre-P.
|
| 245 |
1 |
3 |
|a Le contribuable :
|b Héros ou malfaiteur ?
|
| 264 |
|
1 |
|a Quebec :
|b Presses de l''niversite du Quebec,
|c 1996.
|
| 264 |
|
3 |
|a Baltimore, Md. :
|b Project MUSE,
|c 2013
|
| 264 |
|
4 |
|c ©1996.
|
| 300 |
|
|
|a 1 online resource (148 pages).
|
| 336 |
|
|
|a text
|b txt
|2 rdacontent
|
| 337 |
|
|
|a computer
|b c
|2 rdamedia
|
| 338 |
|
|
|a online resource
|b cr
|2 rdacarrier
|
| 505 |
0 |
|
|a LE CONTRIBUABLE. HÉROS OU MALFAITEUR?; Table des matieres; Paroles et verbiages; Avant-propos; Introduction; Chapitre 1_La fraude fiscale; Chapitre 2_À propos de l'economie et des questions d'argent; Chapitre 3_À propos de la societe et des Quebecois; Chapitre 4_À propos de l'etat et des gouvernements; Chapitre 5_À propos de la fiscalite en general; Chapitre 6_Le contribuable et la fraude fiscale; Chapitre 7_L'illusion fiscale des Quebecois; Annexe 1_Donnees sociodemographiques sur les personnes interrogees; Annexe 2_Methodologie du sondage; Bibliographie.
|
| 520 |
|
|
|a Le poids reel du fardeau fiscal supporte par les citoyens rend de plus en plus difficile la decision de chacun face à l'alternative de respecter la loi ou de frauder. Ce rapport d'enquête fait la lumiere sur les attitudes et les comportements des Quebecois face à l'impôt et montre que le gaspillage des fonds publics, l'iniquite et l'injustice sont des facteurs de delinquance beaucoup plus determinants que la seule pression fiscale.
|
| 546 |
|
|
|a French.
|
| 588 |
|
|
|a Description based on print version record.
|
| 650 |
|
7 |
|a Taxation
|x Public opinion.
|2 fast
|0 (OCoLC)fst01143958
|
| 650 |
|
7 |
|a Tax evasion.
|2 fast
|0 (OCoLC)fst01143749
|
| 650 |
|
7 |
|a Public opinion.
|2 fast
|0 (OCoLC)fst01082785
|
| 650 |
|
7 |
|a Finance, Public
|x Public opinion.
|2 fast
|0 (OCoLC)fst00924573
|
| 650 |
|
6 |
|a Opinion publique
|z Quebec (Province)
|
| 650 |
|
6 |
|a Finances publiques
|z Quebec (Province)
|x Opinion publique.
|
| 650 |
|
6 |
|a Fraude fiscale
|z Quebec (Province)
|
| 650 |
|
6 |
|a Contribuables
|z Quebec (Province)
|x Attitudes.
|
| 650 |
|
6 |
|a Impôt
|z Quebec (Province)
|x Opinion publique.
|
| 650 |
|
0 |
|a Finance, Public
|z Quebec (Province)
|x Public opinion.
|
| 650 |
|
0 |
|a Taxpayer compliance
|z Quebec (Province)
|x Attitudes.
|
| 650 |
|
0 |
|a Taxation
|z Quebec (Province)
|x Public opinion.
|
| 650 |
|
0 |
|a Tax evasion
|z Quebec (Province)
|
| 650 |
|
0 |
|a Public opinion
|z Quebec (Province)
|
| 651 |
|
7 |
|a Quebec.
|2 fast
|0 (OCoLC)fst01207316
|
| 655 |
|
7 |
|a Electronic books.
|2 local
|
| 700 |
1 |
|
|a Lachapelle, Guy.
|
| 710 |
2 |
|
|a Project Muse.
|e distributor
|
| 830 |
|
0 |
|a Book collections on Project MUSE.
|
| 856 |
4 |
0 |
|z Texto completo
|u https://projectmuse.uam.elogim.com/book/15397/
|
| 945 |
|
|
|a Project MUSE - Custom Collection
|
| 945 |
|
|
|a Project MUSE - Archive Complete Supplement
|
| 945 |
|
|
|a Project MUSE - Archive Political Science and Policy Studies Supplement
|